Когда прошли дожди: повести и рассказы

Detaylı Bibliyografya
Yazar: Потанин В. Ф. Виктор Федорович
Özet:Исключено из фонда НТБ ТПУ
Dil:Rusça
Baskı/Yayın Bilgisi: Москва, Советская Россия, 1978
Seri Bilgileri:Земля родная
Materyal Türü: MixedMaterials Kitap
KOHA link:https://koha.lib.tpu.ru/cgi-bin/koha/opac-detail.pl?biblionumber=147581

MARC

LEADER 00000nam0a2200000 4500
001 147581
005 20231031145111.0
035 |a (RuTPU)RU\TPU\book\159968 
090 |a 147581 
100 |a 20081117d1978 m y0rusy50 ca 
101 0 |a rus 
102 |a RU 
105 |a y z 000ay 
200 1 |a Когда прошли дожди  |e повести и рассказы  |f В. Ф. Потанин 
210 |a Москва  |c Советская Россия  |d 1978 
215 |a 256 с. 
225 1 |a Земля родная 
333 |a Исключено из фонда НТБ ТПУ 
700 1 |a Потанин  |b В. Ф.  |g Виктор Федорович 
801 1 |a RU  |b 63413507  |c 20081117  |g PSBO 
801 2 |a RU  |b 63413507  |c 20220516  |g RCR 
942 |c BK